000 00486nam a22001697a 4500
003 OSt
082 _a664
_bABI/DE
088 _aP 508
100 _aAbinav E Basi
_94949
100 _aArshitha Suresh
_94950
100 _aJamna Sherin A
_94951
100 _aMuhazinathul Nayeema P E
_94952
245 _aDevelopment and evalution of Cocoa Pod Breaker
260 _aKCAET,Tavanur,
_c2021
_bDepartment of processing and food engineering
700 _aRajesh A K(guide)
_94992
942 _cPR
999 _c17397
_d17397